Регионална библиотека "Любен Каравелов" - Русе

Геният и зануленото време (Запис номер 346134)

MARC детайли
000 -Лидер
Контролно поле с фиксирана дължина 01510nam a2200349 a 4500
003 - Код на организацията, давaща контролен номер
Контролно поле BLK
005 - Дата и час на последна редакция
Контролно поле 20240628142954.0
008 - Елементи от данни с фиксирана дължина
fixed length control field 191023b bu ||||| |||| 00| 0 bu d
020 ## - Международен стандартен номер на книга ISBN
Международен стандартен номер на книга ISBN 9786191865116
040 ## - Източник на каталожния запис
Идентификатор на билиотеката - собственик на записа BLK
041 ## - Код за език
Код за езика на текст/звукозапис или на отделно заглавие Български
Код за езика КДБФ Български
080 ## - УДК
Текстов определител УДК Режисьори, театрални
УДК код - определител по УДК 792.071.1
УДК - код + определител 792.071.1(497.2)(092)
УДК определител (497.2)(092)
080 ## - УДК
Текстов определител УДК Български театрален режисьор
УДК код - определител по УДК 929 Шкаров, Слави
УДК - код + определител 929 Шкаров, Слави
100 ## - Редна дума - Автор
R(LIN) 268244
Автор Георгиев, Йордан Георгиев
Авторска отговорност първи автор
139 ## - Редно поле
Редна дума Георгиев, Йордан
Авторски знак Шк - Ш 71
245 ## - Сведения за заглавието
Заглавие Геният и зануленото време
Подзаглавни данни Театралният път на режисьора Слави Шкаров
Редно поле (дума) Йордан Георгиев
260 ## - Област на издателските данни
9 (RLIN) 209682
Място на издаване, разпространение и проч. Пловдив
Име на издателя, разпространителя и проч. Жанет 45
Година на издаване 2019
300 ## - Физическа характеристика
Страници 267 с. : с ил.
Размери/Мащаб 24 см
Съпровождащи материали 1 CD
380 ## - Жанр
Жанр Изкуство
600 14 - Име на лице, използвано като предмет
За него / За нея Шкаров, Слави
Свързани дати 1941 - 1988
Друга информация Български театрален режисьор
9 (RLIN) 143668
650 #0 - Допълнително описание по предмет – тема
9 (RLIN) 401780
Основно описание – тема или топоним Режисьори, театрални, български
653 #7 - Ключова дума – ненормативна
9 (RLIN) 195388
Ключова дума режисьори
700 ## - Други автори (авторска отговорност)
9 (RLIN) 1311
Лично име Минков, Борис
Автороска отговорност (Описва отношението между автора и произведението) ред.
700 ## - Други автори (авторска отговорност)
9 (RLIN) 1637
Лично име Гочев, Христо
Автороска отговорност (Описва отношението между автора и произведението) худож.
852 ## - Местоположение
Фондова буква Краезнание
Систематично-азбучна сигнатура К 792(092)/Ш 71
852 ## - Местоположение
Фондова буква Краезнание
Систематично-азбучна сигнатура К 792/Ш 71
999 ## - СИСТЕМНИ КОНТРОЛНИ НОМЕРА
Koha biblionumber 346134
Koha biblioitemnumber 346134
942 ## - АРТИКУЛИ
Вид на библиотечния материал Книги
Скрит в OPAC Не
Периодичен библиозапис Да
944 ## - СЪЗДАВАНЕ И РЕДАКЦИЯ на ЗАПИСА
Създаване/Редакция Създаване
Дата на регистрацията/редакция 2019-10-23
Служител, извършил регистрацията/редакцията 30535
Статус, дата на статуса Христина Везирева
999 ## - СИСТЕМНИ КОНТРОЛНИ НОМЕРА
Koha biblioitemnumber 346134
999 ## - СИСТЕМНИ КОНТРОЛНИ НОМЕРА
Koha biblioitemnumber 346134
999 ## - СИСТЕМНИ КОНТРОЛНИ НОМЕРА
Koha biblioitemnumber 346134
Наличности
Код за отписване Код за изгубен артикул Източник на класификационната схема Код за повреда Коз за рестрикции Код за отдаване Артикулен № Име на библиотеката - собственик Име на библиотеката, в която се намира в момента Статус (Текущо местоположение) Дата на вписване в системата Местоположение - отдел Цена в лева Систематично азбучна сигнатура Баркод Цена в евро Служебен тип на артикула
  Не е изгубен Universal Decimal Classification Не е повреден само за читалня ползва се в читалня 748149 Регионална библиотека "Любен Каравелов" Русе Регионална библиотека "Любен Каравелов" Русе Краезнание 2019-10-24 Краезнание 11.67 К 792/Ш 71 120000837042 5.97 Книги
  Не е изгубен Universal Decimal Classification Не е повреден без рестрикции заемане за дома 754055 Регионална библиотека "Любен Каравелов" Русе Регионална библиотека "Любен Каравелов" Русе Отдел Изкуство - подръчен фонд 2020-01-14 Отдел Изкуство - подръчен фонд 11.68 792(092)/Ш 71 120000840805 5.97 Книги
Vip Innovations Ltd, Rousse, Bulgaria 2025